Normal view MARC view
  • Electric conductors

Entry Topical Term

Number of records used in: 1

001 - CONTROL NUMBER

  • control field: 41474

003 - CONTROL NUMBER IDENTIFIER

  • control field: NUST

005 - DATE AND TIME OF LATEST TRANSACTION

  • control field: 20210314132050.0

008 - FIXED-LENGTH DATA ELEMENTS

  • fixed length control field: 210314|| aca||aabn | a|a d

040 ## - CATALOGING SOURCE

  • Original cataloging agency: NUST
  • Transcribing agency: NUST

150 ## - HEADING--TOPICAL TERM

  • Topical term or geographic name entry element: Electric conductors

670 ## - SOURCE DATA FOUND

  • Source citation: Work cat.: (NUST): Taylor, William T. 41386, Calculation of electric conductors,, 1919.
© 2023 Central Library, National University of Sciences and Technology. All Rights Reserved.